Геология и минерально-сырьевая база в экономике России (2007-2014)

書目詳細資料
主要作者: Орлов В. П. Виктор Петрович
企業作者: Российское геологическое общество (РосГео)
總結:В книге рассматриваются состояние и проблемы геологической отрасли и основной ее продукции — минерально-сырьевой базы (МСБ) в период 2007-2014 гг., продолжены исследования автора по данной и смежной тематике, начатые еще в 1984 г. в АНХ СССР и изложенные в четырех предыдущих книгах: "Геологическое прогнозирование" (период до 1987 г.), "Реформы в геологии" (1987-1990), "Минеральные ресурсы и геологическая служба в годы экономических реформ (1991-1999)", "Проблемы недропользования (2000-2006)". С государственных и профессиональных (геологических) позиций рассматривается роль геологии и МСБ в современном и будущем социально-экономическом развитии России и ее регионов. Обосновывается вывод о необходимости восстановления принципа и практики опережающего развития МСБ в рамках умеренно-расширенного воспроизводства и завершения затянувшихся перестроечных "экспериментов" в геологии, законодательного восстановления отрасли в качестве самостоятельного вида экономической деятельности, формирования ее государственного сектора в ранге национальной геологической службы. Приводятся оригинальные материалы рассмотрения проблем геологии и МСБ на уровне высшего органа законодательной власти Российской Федерации - Совета Федерации. Книга представляет интерес для широкого круга читателей, прежде всего для специалистов в сфере управления ресурсами недр, законодательства, науки, образования и бизнеса.
語言:俄语
出版: Москва, Геоинформмарк, 2015
主題:
格式: MixedMaterials 圖書
KOHA link:https://koha.lib.tpu.ru/cgi-bin/koha/opac-detail.pl?biblionumber=305122

MARC

LEADER 00000nam0a2200000 4500
001 305122
005 20231102001753.0
010 |a 9785988770602 
035 |a (RuTPU)RU\TPU\book\330388 
090 |a 305122 
100 |a 20150924d2015 k y0rusy50 ca 
101 0 |a rus 
102 |a RU 
105 |a a z 001zy 
200 1 |a Геология и минерально-сырьевая база в экономике России (2007-2014)  |f В. П. Орлов  |g Российское геологическое общество (РосГео) 
210 |a Москва  |c Геоинформмарк  |d 2015 
215 |a 417 с.  |c ил. 
320 |a Библиогр.: с. 409-415. 
330 |a В книге рассматриваются состояние и проблемы геологической отрасли и основной ее продукции — минерально-сырьевой базы (МСБ) в период 2007-2014 гг., продолжены исследования автора по данной и смежной тематике, начатые еще в 1984 г. в АНХ СССР и изложенные в четырех предыдущих книгах: "Геологическое прогнозирование" (период до 1987 г.), "Реформы в геологии" (1987-1990), "Минеральные ресурсы и геологическая служба в годы экономических реформ (1991-1999)", "Проблемы недропользования (2000-2006)". С государственных и профессиональных (геологических) позиций рассматривается роль геологии и МСБ в современном и будущем социально-экономическом развитии России и ее регионов. Обосновывается вывод о необходимости восстановления принципа и практики опережающего развития МСБ в рамках умеренно-расширенного воспроизводства и завершения затянувшихся перестроечных "экспериментов" в геологии, законодательного восстановления отрасли в качестве самостоятельного вида экономической деятельности, формирования ее государственного сектора в ранге национальной геологической службы. Приводятся оригинальные материалы рассмотрения проблем геологии и МСБ на уровне высшего органа законодательной власти Российской Федерации - Совета Федерации. Книга представляет интерес для широкого круга читателей, прежде всего для специалистов в сфере управления ресурсами недр, законодательства, науки, образования и бизнеса. 
606 1 |a Минеральное сырье  |x Экономика  |2 stltpush  |3 (RuTPU)RU\TPU\subj\64895  |9 81594 
610 1 |a геология 
610 1 |a Россия 
610 1 |a минерально-сырьевая база 
610 1 |a минерально-сырьевые ресурсы 
610 1 |a региональная экономика 
610 1 |a воспроизводство 
610 1 |a постиндустриальная экономика 
610 1 |a организационная структура 
610 1 |a модернизация 
610 1 |a государственная политика 
610 1 |a законодательная база 
675 |a 553.04  |v 3 
700 1 |a Орлов  |b В. П.  |g Виктор Петрович 
712 0 2 |a Российское геологическое общество (РосГео)  |c (Москва)  |2 stltpush  |3 (RuTPU)RU\TPU\col\97 
801 1 |a RU  |b 63413507  |c 20150924 
801 2 |a RU  |b 63413507  |c 20151005  |g RCR 
900 |a Геология 
942 |c BK